000 00752nas a2200241Ia 4500
001 R002/39365
003 IT-RoPAU
008 151124c99999999xx |||||||||||| ||und||
040 _aIT-RoPAU
040 _cIT-RoPAU
041 _aITALIANO
100 _aPaolella Roberto
_gCodice Aut. SPICS: 2901
210 _aBIANCO E NERO
222 _aBianco E Nero
245 _aBIANCO E NERO, ANNO 15-N.06-GIUGNO 1954
_bOpera di Erich Von Stroheim E la Ricerca di Dio (L')
250 _a1a ed.
260 _aROMA
_bATENEO
_c1954
501 _bPaulus - SPICS - Società San Paolo EM (non-commercial uses only)
_cCopyright2015
300 _a14 p. [3-16]
362 _aANNO 015, N.06-GIUGNO 1954
650 _aCINEMA
_vPUBBLICAZIONE PERIODICA
942 _cCR
999 _c135151
_d135151